Statistics for Flags of the Countries that Start with C

Click here to take the quiz!

General Stats

  • This quiz has been taken 58,717 times
    (47,141 since last reset)
  • The average score is 12 of 15

Answer Stats

Answer% Correct
Canada
100%
China
98%
Cyprus
93%
Colombia
89%
Croatia
89%
Cambodia
87%
Chile
86%
Cuba
84%
Czech Republic
83%
Cameroon
76%
Chad
71%
Costa Rica
63%
Comoros
62%
Central African Republic
54%
Cape Verde
52%

Score Distribution

Percentile by Number Answered

Percent of People with Each Score

Your Score History

You have not taken this quiz since the last reset